000 005330000a22001810004500
003 MACL
005 20160306165354.0
008 160306b xxu||||| |||| 00| 0 eng d
040 _aMACL
_cMACL
041 _aHindi
082 _a891.433
100 _aरवीन्‍द्रनाथ ठाकुर
_940098
245 _aदुर्भाग्‍य च्रक
260 _bप्रभात प्रकाशन
_c1970
_aदिल्‍ली
350 _a4
650 _aNovel
_943741
942 _cHIN
_k891.433
_2ddc
999 _c25968
_d25968